000 00558nam a22001817a 4500
005 20240820113547.0
008 240820b |||||||| |||| 00| 0 eng d
020 _a978-0-9802543-7-2
082 _a338.9
_bSOC
245 _aSocial Market Economy Principles and Implementation/
_bEconomic Policy from A to Z/
_cRolf H. Hasse
260 _aGermany;
_bFerdinand Schoningh Publishers;
_c2008
300 _a536 p.:
_c24 cm.
500 _aIncludes index.
650 _aSocial Sciences;
700 _aHermann Schneider
700 _aKlaus Weight
999 _c36418
_d36418